000 02246 a2200241 4500
001 9
005 20260407155401.0
008 260407a1997 arg spa d
003 AR-UNSa-BCEJYS
040 _aAR-UNSa-BCEJYS
_bspa
_cAR-UNSa-BCEJYS
080 _a330
_xEconomía en general
245 1 0 _aEconomía
_pprincipios y aplicaciones
020 _a978-84-481-0814-4
250 _a2a. ed
264 1 _aMadrid :
_bMcGraw-Hill
_c1997
300 _aXXI, 714 p.
_c25 cm
505 _a1. El concepto y el método en economía - 2. La escasez y la necesidad de elegir - 3. La oferta, la demanda y el mercado - 4. El papel del Estado en la economía - 5. Oferta y demanda: conceptos básicos y aplicaciones - 6. La teoría de la utilidad y la demanda - 7. La teoría de producción - 8. Los costos y la maximización de los beneficios - 9. El mercado de competencia perfecta - 10. Competencia imperfecta: el monopolio - 11. Competencia imperfecta: el oligopolio y la competencia monopólica - 12. El equilibrio competitivo y las fallas del mercado - 13. Distribución y sistema de precios - 14. Los mercados de trabajo, de la tierra y del capital -15. Análisis del producto o renta nacional - 16. La renta de equilibrio en una economía cerrada sin sector público: el multiplicador - 17. La renta de equilibrio en una economía con sector público y en una economía abierta - 18. La financiación de la actividad económica - 19. El Banco Central y la política monetaria - 20. La oferta y la demanda agregadas - 21. La balanza de pagos y las tasas de cambio - 22. Teorías tradicionales de la inflación - 23. Desempleo e inflación - 24. Las fluctuaciones de la actividad económica - 25. La efectividad de la política económica: el proceso de integración y el MERCOSUR - 26. El comercio internacional - 27. El crecimiento económico y el desarrollo - 28. Notas sobre la historia del pensamiento económico - 29. Proceso acercamiento entre los sistemas económicos
942 _cBK
590 _aniveau_biblio:m niveau_hierar:0
100 1 _aMochón Morcillo, Francisco
700 1 _aBeker, Víctor Alberto
856 4 1 _uhttps://biblioeco.unsa.edu.ar/pmb/images/libros/Economia Principios y Aplicaciones 2ed.jpg
_yImagen de portada
_qimage/jpeg
999 _c7
_d7